000 00697nam a2200217 a 4500
001 000017583
003 DO-SdBNP
005 20230331153758.0
007 ta
008 100329s1973 dr 000 0 spa d
040 _aDO-SdBNP
_bspa
_cBNPHU
082 4 _222
100 1 _aHeredia P., R. Agustín
_938349
245 1 0 _aPrácticas extramurales de odontología en la Universidad Autónoma de Santo Domingo /
_cR. Agustín Heredia P., Dagoberto Tejeda.
246 1 _aOdontología social.
260 _aSanto Domingo :
_bUniversidad Autónoma de Santo Domingo,
_c1973.
300 _a55 p. ;
_c20 cm.
590 _aInventariado, 2023/BT
700 1 _aTejeda, Dagoberto
_918983
942 _2ddc
_cLF2
999 _c17108
_d17108